000 00227 a2200109 4500
001 63474
082 _a297.4 HAJ
090 _c37511
_d37511
100 _aAli Al Hajwir
245 _aKashf Al-Mahjub
260 _aLondon
_bLuzac
942 _aNUST-CAE
_k297.4 HAJ
999 _c298547
_d298547